[Event "HUN-chT2 Asztalos 2324"]
[Site "Hungary"]
[Date "2023.10.08"]
[Round "1.10"]
[White "Horvath, Gabor2"]
[Black "Gondos, Milan"]
[Result "1-0"]
[WhiteElo "2245"]
[BlackElo "1386"]
[PlyCount "51"]
[EventDate "2023.10.08"]
[EventType "team-tourn"]
[EventRounds "9"]
[EventCountry "HUN"]
[SourceTitle "EXT 2025"]
[Source "ChessBase"]
[SourceDate "2024.10.14"]
[SourceVersion "1"]
[SourceVersionDate "2024.10.14"]
[SourceQuality "1"]
[WhiteTeam "Kalocsai"]
[BlackTeam "Karmin"]
[WhiteTeamCountry "HUN"]
[BlackTeamCountry "HUN"]

1. e4 e6 2. d4 d5 3. exd5 exd5 4. c4 Be6 5. c5 Nc6 6. Nf3 Nf6 7. Nc3 Be7 8. a3 0-0 9. Bd3 Qd7 10. 0-0 a5 11. Bf4 Rfc8 12. Rc1 b6 13. Bb5 bxc5 14. Ne5 Rab8 15. Nxd7 Nxd7 16. Bxc6 Nf6 17. dxc5 Bxc5 18. Nxd5 Nxd5 19. Bxd5 Bb6 20. Bxe6 fxe6 21. Qd7 Rd8 22. Qxe6+ Kf8 23. Bxc7 Re8 24. Bd6+ Re7 25. Qxe7+ Kg8 26. Be5 1-0